Инженерно-геологическое обеспечение дорожных работ (Запись № 12864179)

Подробности
000 -МАРКЕР
контрольное поле 02704nam0a2200409 4500
001 - ИДЕНТИФИКАТОР ЗАПИСИ
контрольное поле RU\NLR\BIBL_A\022140611
005 - ИДЕНТИФИКАТОР ВЕРСИИ
контрольное поле 20240719144648.0
010 ## - МЕЖДУНАРОДНЫЙ СТАНДАРТНЫЙ НОМЕР КНИГИ (ISBN)
Номер (ISBN) 978-5-398-02764-8
Тираж 35
021 ## - НОМЕР ГОСУДАРСТВЕННОЙ РЕГИСТРАЦИИ
Код страны Российская Федерация
Номер КН-П-24-000352
Номер Листа государственной регистраци КН-П-24-0030
035 ## - ДРУГИЕ СИСТЕМНЫЕ НОМЕРА
Идентификатор записи (NLR Aleph) 022140611
035 ## - ДРУГИЕ СИСТЕМНЫЕ НОМЕРА
Идентификатор записи (RuMoRGB)012445631
100 ## - ДАННЫЕ ОБЩЕЙ ОБРАБОТКИ
Данные общей обработки 20240216d2024 u y0rusy50 ca
101 0# - ЯЗЫК РЕСУРСА
Язык текста, звукозаписи и т.д. русский
102 ## - СТРАНА ПУБЛИКАЦИИ ИЛИ ПРОИЗВОДСТВА
Страна публикации Российская Федерация
105 ## - ПОЛЕ КОДИРОВАННЫХ ДАННЫХ: ТЕКСТОВЫЕ МАТЕРИАЛЫ, МОНОГРАФИЧЕСКИЕ
Кодированные данные о монографическом текстовом документе a j 000yy
181 #0 - ПОЛЕ КОДИРОВАННЫХ ДАННЫХ: ВИД СОДЕРЖАНИЯ
Код вида содержания (ISBD) i3
Код характеристики содержания (ISBD) axxe
182 #0 - ПОЛЕ КОДИРОВАННЫХ ДАННЫХ: ТИП СРЕДСТВА
Код типа средства (ISBD) n - непосредственное
200 1# - ЗАГЛАВИЕ И СВЕДЕНИЯ ОБ ОТВЕТСТВЕННОСТИ
Основное заглавие Инженерно-геологическое обеспечение дорожных работ
Сведения, относящиеся к заглавию учебно-методическое пособие
-- для студентов вузов, огбучающихся по строительным специальностям
Первые сведения об ответственности А. М. Бургонутдинов, А. О. Добрынин, А. С. Сергеев
Последующие сведения об ответственности Министерство науки и высшего образования Российской Федерации, Федеральное государственное бюджетное образовательное учреждение высшего образования "Пермский национальный исследовательский политехнический университет", Институт дорожного строительства и транспорта
203 ## - ВИД СОДЕРЖАНИЯ И ТИП СРЕДСТВА
Вид содержания Текст
Дополнительные сведения об издании визуальный
Тип средства непосредственный
210 ## - ПУБЛИКАЦИЯ, РАСПРОСТРАНЕНИЕ И ДР.
Место издания, распространения и т.д. Пермь
Имя издателя, распространителя и т. д. Изд-во Пермского национального исследовательского политехнического университета
Дата издания, распространения и т.д. 2024
215 ## - ФИЗИЧЕСКАЯ ХАРАКТЕРИСТИКА
Специфическое обозначение материала и объем 74 с.
Другие сведения о физической характеристике ил., табл.
Размеры 21
320 ## - ПРИМЕЧАНИЯ О НАЛИЧИИ В ДОКУМЕНТЕ БИБЛИОГРАФИИ / УКАЗАТЕЛЯ
Текст примечания Библиогр.: с. 61 (10 назв.)
333 ## - ПРИМЕЧАНИЯ ОБ ОСОБЕННОСТЯХ РАСПРОСТРАНЕНИЯ И ИСПОЛЬЗОВАНИЯ
Текст примечания 16+
606 1# - НАИМЕНОВАНИЕ ТЕМЫ КАК ПРЕДМЕТ
Наименование темы Автомобильные дороги
Формальный подзаголовок Учебные издания для высших учебных заведений
Тематический подзаголовок Инженерно-геологические изыскания
Системный номер авторитетной/нормативной записи 891707
Идентификатор авторитетной/нормативной записи RU\NLR\AUTH\662298
675 ## - УНИВЕРСАЛЬНАЯ ДЕСЯТИЧНАЯ КЛАССИФИКАЦИЯ (UDC/УДК)
Индекс 625.7/.8:624.131(076)
Издание 4
686 ## - ИНДЕКСЫ ДРУГИХ КЛАССИФИКАЦИЙ
Индекс 39.311я73
Код системы
686 1# - ИНДЕКСЫ ДРУГИХ КЛАССИФИКАЦИЙ
Индекс О311-021.2я73-1
700 #1 - ИМЯ ЛИЦА - ПЕРВИЧНАЯ ОТВЕТСТВЕННОСТЬ
Начальный элемент ввода Бургонутдинов
Часть имени, кроме начального элемента ввода А. М.
Даты 1960-
Расширение инициалов личного имени Альберт Масугутович
701 #1 - ИМЯ ЛИЦА - АЛЬТЕРНАТИВНАЯ ОТВЕТСТВЕННОСТЬ
Начальный элемент ввода Добрынин
Часть имени, кроме начального элемента ввода А. О.
Расширение инициалов личного имени Антон Олегович
701 #1 - ИМЯ ЛИЦА - АЛЬТЕРНАТИВНАЯ ОТВЕТСТВЕННОСТЬ
Начальный элемент ввода Сергеев
Часть имени, кроме начального элемента ввода А. С.
Дополнения к именам, кроме дат канд. техн.наук, инж. геология
Расширение инициалов личного имени Андрей Сергеевич
Системный номер авторитетной/нормативной записи 175389
Идентификатор авторитетной/нормативной записи RU\NLR\AUTH\770175440
856 4# - МЕСТОНАХОЖДЕНИЕ ЭЛЕКТРОННЫХ РЕСУРОВ И ДОСТУП К НИМ
Тип электронного формата (Electronic Format Type) application/pdf
Размер файла (File size) [76] с.
Универсальный идентификатор ресурса (Uniform Resource Identifier) http://dlib.rsl.ru/rsl01012000000/rsl01012445000/rsl01012445631/rsl01012445631.pdf
Тип доступа (Access method) Читать
942 ## - ДОПОЛНИТЕЛЬНЫЕ ЭЛЕМЕНТЫ ЗАПИСИ (АБИС)
Тип экземпляра АБИС Книга
980 ## - КОЛЛЕКЦИЯ
Название коллекции Национальная библиография
Экземпляры
Тип экземпляра Дата поступления Источник поступления Стоимость Библиотека постоянного хранения Библиотека текущего хранения Место хранения Шифр хранения Штрих-код Статус экземпляра
Книга 16.02.2024 Обязательный экземпляр 0.00 РНБ (Московский) РНБ (Московский) Русский книжный фонд: издания с 1957 года 2024-4/1075 1-4492248  
Книга 16.02.2024 Обязательный экземпляр 0.00 РНБ (Московский) РНБ (Московский) Русский книжный фонд: издания с 1957 года 2024-4/1075 1-4492247